| 000 | 00824nam a2200229 a 4500 | ||
|---|---|---|---|
| 001 | BRCA_7143 | ||
| 005 | 20190320205728.0 | ||
| 008 | 110112s1953----mx-a######---#000-0#spa-# | ||
| 041 | _aspa | ||
| 050 | 4 | _bM87 1953 | |
| 245 | 1 | 0 | _aObras selectas del arte popular. |
| 260 |
_aMéxico _bMuseo Nacional de Artes e Industrias Polulares _c1953 |
||
| 300 |
_a51 p. _bil. _c17 cm. |
||
| 440 | 0 |
_aPublicaciones(Museo Nacional de Artes e Industrias Polulares) _v5 _917734 |
|
| 500 | _aCatálogo de la exposición de ´Obras Selectas de Arte popular´ presentada en le Museo Nacional de Artes e Industrias Populares | ||
| 500 | _aO169 | ||
| 650 | 1 | 4 |
_aArte popular _zMéxico _9882 |
| 650 | 1 | 4 |
_aArtes decorativas _zMéxico _93532 |
| 710 | 2 |
_aMuseo Nacional de Artes e Industrias Polulares _917735 |
|
| 902 | _aGFM | ||
| 942 |
_2lcc _cB |
||
| 999 |
_c6824 _d6824 |
||